|
|
|
|
| LEADER |
00000nam a2200000 a 4500 |
| 001 |
vtls009957301 |
| 003 |
SK-MaSNL |
| 005 |
20260301083216.0 |
| 007 |
co cga mnuua |
| 008 |
251104s2009 xo ol fs 000 0 slo |
| 015 |
|
|
|a SNBS2010/01-00686
|
| 020 |
|
|
|a 9788055301709
|q (elektronická kniha)
|
| 040 |
|
|
|a SNK
|b slo
|c SNK
|e AACR2
|
| 041 |
0 |
|
|a slo
|a eng
|
| 044 |
|
|
|a xo
|c SK
|
| 072 |
|
7 |
|a 620.9
|x Energetika
|2 konspekt
|
| 080 |
|
|
|a 620.92:551.556.3
|2 2001
|
| 080 |
|
|
|a 621.311.245
|2 2001
|
| 080 |
|
|
|a (0.034.44)
|2 2001
|
| 100 |
1 |
|
|a Kudelas, Dušan,
|d 1976-
|4 aut
|9 240244
|
| 245 |
1 |
0 |
|a Energia vetra
|h elektronický zdroj
|b vybrané technicko-prevádzkové parametre veterných zariadení
|c Dušan Kudelas, Dušan Domaracký, Radim Rybár
|
| 260 |
|
|
|a Košice
|b Technická univerzita
|c 2009
|
| 300 |
|
|
|a 1 elektronický optický disk (CD-ROM)
|c 12 cm
|
| 366 |
|
|
|e 80 kusov
|
| 500 |
|
|
|a Názov z titulnej obrazovky
|
| 516 |
|
|
|a Textový dokument (príručka), súbory v rôznych formátoch (pdf, xls, mpg)
|
| 538 |
|
|
|a Technické požiadavky: Adobe Reader, Microsoft Excel, Windows Media Player
|
| 650 |
0 |
7 |
|a veterná energia
|2 SNKPH
|9 67549
|
| 650 |
0 |
7 |
|a veterné elektrárne
|2 SNKPH
|9 68054
|
| 655 |
|
7 |
|a elektronické zdroje
|2 SNKPH
|9 90954
|
| 655 |
|
7 |
|a CD-ROM
|2 SNKPH
|9 70236
|
| 700 |
1 |
|
|a Domaracký, Dušan
|4 aut
|9 409702
|
| 700 |
1 |
|
|a Rybár, Radim,
|d 1973-
|4 aut
|9 206418
|
| 919 |
|
|
|a 978-80-553-0170-9
|
| 999 |
|
|
|c 660013
|d 661943
|
| 952 |
|
|
|a SNK
|b SNK
|y PREZ
|7 0
|p 17A0633482
|o snkSCDM 2375
|i snk2009/18095
|8 0
|0 0
|1 0
|4 0
|d 2009-10-07
|l 0
|r 2026-02-23 18:50:53
|w 2026-02-23
|